Statistics for Cloudiest U.S. Cities

Click here to take the quiz!

General Stats

  • This quiz has been taken 67 times
  • The average score is 8 of 10

Answer Stats

St.%City% Correct
WA84Seattle
97%
OR81Portland
92%
PA84Pittsburgh
89%
OH82Cleveland
89%
NY85Buffalo
86%
FL79Miami
86%
MI79Detroit
84%
OH78Cincinnati
80%
OH80Columbus
78%
NY83Rochester
66%

Score Distribution

Percentile by Number Answered

Percent of People with Each Score

Your Score History

You have not taken this quiz